[Event "Medicine Hat op 23rd"]
[Site "Medicine Hat"]
[Date "2017.09.23"]
[Round "1"]
[White "Scholz, Mike"]
[Black "Menard, Tyson"]
[Result "0-1"]
[WhiteElo "1335"]
[BlackElo "1750"]
[PlyCount "98"]
[EventDate "2017.09.23"]
[EventType "swiss"]
[EventRounds "5"]
[EventCountry "CAN"]
[SourceTitle "EXT 2019"]
[Source "ChessBase"]
[SourceDate "2018.10.10"]
[SourceVersion "1"]
[SourceVersionDate "2018.10.10"]
[SourceQuality "1"]

1. Nf3 Nf6 2. b3 g6 3. Bb2 Bg7 4. d3 0-0 5. e4 d6 6. Qd2 Nxe4 7. Qc1 Nf6 8. Be2 e5 9. Nc3 Nc6 10. 0-0 Nh5 11. Nd5 Ne7 12. Nxe7+ Qxe7 13. c4 Nf4 14. Qe3 Nxe2+ 15. Qxe2 Bg4 16. Qe4 Bxf3 17. gxf3 c6 18. Qg4 Qe6 19. Rae1 Rae8 20. Qg2 Qf5 21. Rd1 c5 22. Qg4 Qe6 23. Qe4 Qd7 24. Bc3 Bh6 25. Qg4 Qe6 26. Qxe6 fxe6 27. Kg2 Rf5 28. Bd2 Bxd2 29. Rxd2 Ref8 30. Re2 Rxf3 31. Re3 R3f7 32. f3 a6 33. a4 b5 34. axb5 axb5 35. Rb1 Ra7 36. Rb2 Rb8 37. cxb5 Rf7 38. f4 Rxf4 39. Re4 Rxb5 40. Rxf4 exf4 41. Kf3 Rb4 42. h3 Kf7 43. Kg4 Kf6 44. h4 d5 45. Rf2 h6 46. Rxf4+ Rxf4+ 47. Kxf4 g5+ 48. Kg4 gxh4 49. Kxh4 Kf5 0-1

[Event "Red Deer op"]
[Site "Red Deer"]
[Date "2015.05.16"]
[Round "3"]
[White "Schlegel, Zacchary"]
[Black "Scholz, Mike"]
[Result "1/2-1/2"]
[WhiteElo "1489"]
[BlackElo "1440"]
[PlyCount "39"]
[EventDate "2015.05.16"]
[EventType "swiss"]
[EventRounds "5"]
[EventCountry "CAN"]
[SourceTitle "EXT 2017"]
[Source "ChessBase"]
[SourceDate "2016.10.25"]
[SourceVersion "1"]
[SourceVersionDate "2016.10.25"]
[SourceQuality "1"]

1. e4 g6 2. d4 Bg7 3. Nf3 d5 4. exd5 Qxd5 5. Nc3 Qd6 6. Be3 a6 7. Bc4 b5 8. Bb3 Bg4 9. h3 Be6 10. Bxe6 Qxe6 11. Ng5 Qc4 12. Qf3 c6 13. 0-0-0 Nf6 14. Kb1 0-0 15. d5 b4 16. Rd4 Qc5 17. Rdd1 Qc4 18. Rd4 Qc5 19. Rdd1 Qc4 20. Rd4 1/2-1/2

[Event "Calgary Alberta op"]
[Site "Calgary"]
[Date "2014.10.11"]
[Round "2.15"]
[White "Scholz, Mike"]
[Black "Milne, Arthur"]
[Result "1/2-1/2"]
[WhiteElo "1438"]
[BlackElo "1724"]
[PlyCount "45"]
[EventDate "2014.10.11"]
[EventType "swiss"]
[EventRounds "6"]
[EventCountry "CAN"]
[SourceTitle "EXT 2022"]
[Source "ChessBase"]
[SourceDate "2021.10.06"]
[SourceVersion "1"]
[SourceVersionDate "2021.10.06"]
[SourceQuality "1"]

1. e4 a6 2. Nc3 b5 3. d4 Bb7 4. Bd3 d6 5. Qf3 Nd7 6. Nge2 e5 7. d5 Be7 8. Ng3 Bf6 9. Nh5 g6 10. Nxf6+ Qxf6 11. Qxf6 Ndxf6 12. f4 h6 13. a4 bxa4 14. Rxa4 Ne7 15. 0-0 Nd7 16. Be3 f5 17. Rfa1 Kf7 18. g3 Nb6 19. Bxb6 cxb6 20. Bxa6 Bxa6 21. Rxa6 Rxa6 22. Rxa6 Rc8 23. Ra3 1/2-1/2

[Event "Red Deer op"]
[Site "Red Deer"]
[Date "2014.05.17"]
[Round "2.4"]
[White "Scholz, Mike"]
[Black "Taranik, Alexey"]
[Result "0-1"]
[WhiteElo "1329"]
[BlackElo "1617"]
[PlyCount "64"]
[EventDate "2014.05.17"]
[EventType "swiss"]
[EventRounds "5"]
[EventCountry "CAN"]
[SourceTitle "EXT 2022"]
[Source "ChessBase"]
[SourceDate "2021.10.06"]
[SourceVersion "1"]
[SourceVersionDate "2021.10.06"]
[SourceQuality "1"]

1. e4 e6 2. d4 d5 3. e5 c5 4. Bb5+ Bd7 5. Bxd7+ Qxd7 6. Nf3 Nc6 7. 0-0 cxd4 8. Nxd4 Nxe5 9. Nf3 Nxf3+ 10. Qxf3 Nf6 11. Bg5 Be7 12. Na3 Rc8 13. c3 0-0 14. Rad1 Bxa3 15. bxa3 Ne8 16. Qg3 Rc4 17. Rfe1 Qc7 18. Qxc7 Rxc7 19. Rb1 b6 20. a4 Nf6 21. Bxf6 gxf6 22. Rec1 Rfc8 23. g3 Rxc3 24. Rxc3 Rxc3 25. Rb3 Rxb3 26. axb3 Kf8 27. Kf1 Ke7 28. Ke2 Kd6 29. Kd3 Kc5 30. f4 Kb4 31. Kc2 e5 32. fxe5 fxe5 0-1

[Event "Lethbridge op"]
[Site "Lethbridge"]
[Date "2009.04.04"]
[Round "1"]
[White "Taylor, Bill"]
[Black "Scholz, Mike"]
[Result "1-0"]
[WhiteElo "1924"]
[BlackElo "1478"]
[PlyCount "69"]
[EventDate "2009.04.04"]
[EventType "swiss"]
[EventRounds "5"]
[EventCountry "CAN"]
[SourceTitle "EXT 2011"]
[Source "ChessBase"]
[SourceDate "2010.11.26"]
[SourceVersion "1"]
[SourceVersionDate "2010.11.26"]
[SourceQuality "1"]

1. f4 e6 2. Nf3 Nc6 3. e3 a6 4. b3 Qf6 5. Nc3 Bc5 6. Bb2 Qg6 7. g3 Nge7 8. Bg2 0-0 9. Nh4 Qh6 10. 0-0 d5 11. a3 Bd6 12. Ne2 Ng6 13. Nf3 e5 14. fxe5 Ncxe5 15. Nxe5 Nxe5 16. Bxe5 Bxe5 17. Rb1 Bh3 18. Bxh3 Qxh3 19. Nf4 Bxf4 20. Rxf4 Qe6 21. Qf3 c6 22. Rf1 Ra7 23. e4 d4 24. d3 b5 25. Qh5 Qd6 26. Rh4 h6 27. b4 Re7 28. Rf5 Qg6 29. Qf3 Rfe8 30. Rg4 Qd6 31. Rf6 Re6 32. Rxf7 Rf6 33. Rgxg7+ Kh8 34. Rh7+ Kg8 35. Rfg7+ 1-0

[Event "Edmonton March of Kings op"]
[Site "Edmonton"]
[Date "2009.03.14"]
[Round "3"]
[White "Marshall, Jim"]
[Black "Scholz, Mike"]
[Result "0-1"]
[WhiteElo "1651"]
[BlackElo "1451"]
[PlyCount "32"]
[EventDate "2009.03.14"]
[EventType "swiss"]
[EventRounds "5"]
[EventCountry "CAN"]
[SourceTitle "EXT 2011"]
[Source "ChessBase"]
[SourceDate "2010.11.26"]
[SourceVersion "1"]
[SourceVersionDate "2010.11.26"]
[SourceQuality "1"]

1. e4 e5 2. Nf3 Nc6 3. d4 exd4 4. Bc4 Qe7 5. 0-0 Ne5 6. Nxe5 Qxe5 7. Qf3 Nf6 8. Bf4 Qc5 9. Nd2 d6 10. e5 Ng4 11. exd6 cxd6 12. Bxf7+ Kxf7 13. Bxd6+ Qf5 14. Qb3+ Qe6 15. Qf3+ Nf6 16. Ne4 Qxe4 0-1